| 000 | 00485nam a2200157 4500 | ||
|---|---|---|---|
| 001 | 108498 | ||
| 003 | ES-MaACL | ||
| 005 | 20230906184642.0 | ||
| 007 | t| | ||
| 008 | 061121s1980 sp r ||||1| spa d | ||
| 100 | 1 |
_aMonge Recalde, José Luis. _982196 |
|
| 245 | 1 | 0 |
_aComentarios doctrinales y prácticos al estatuto de los trabajadores / _cJosé Luis Monge Recalde. |
| 260 |
_aPamplona : _bAranzadi, _c1980. |
||
| 300 |
_a363 p. ; _c24 cm. |
||
| 852 |
_aES-MaACL _jC-26160 _bR.100292 |
||
| 999 |
_c108498 _d108498 |
||